Представление документа в формате RUSMARC

ПолеНазваниеЗначение
  Тип записи a
  Библиографический уровень m
001 Контрольный номер RU/SLIB/B/208781245
005 Дата корректировки 20201206204343.4
010 Индекс ISBN __
d Цена 2-50
101 Язык документа 0_
a Язык текста rus
200 Заглавие и сведения об ответственности 1_
a Заглавие Собрание сочинений
e Сведения, относящиеся к заглавию в 4 т.
f Первые сведения об ответственности В. К. Кетлинская ; оформ. худож. Н. Васильева
b Общее обозначение материала Текст
h Номер части Т. 2
210 Выходные данные __
a Место издания Л.
c Издательство Худож. лит.
d Дата издания 1979
215 Физическое описание __
a Объем 632 с.
327 Примечание о содержании __
a Примечание о содержании В осаде
606 Тематические рубрики __
a Основная рубрика Художественная литература
z Хронологическая подрубрика 20 в.
y Географическая подрубрика Россия
606 Тематические рубрики __
a Основная рубрика Русская литература XX в. (произведения)
610 Ключевые слова __
a Ключевые слова романы
686 Индексы других классификаций __
a Классификационный индекс 84(2Рос=Рус)6-4
700 Автор _1
a Фамилия Кетлинская
b Имя В. К.
g Полное личное имя Вера Казимировна
4 Код отношения 070
702 Вторичная интеллектуальная ответственность _1
a Фамилия Васильев
b Имя Н.
4 Код отношения Художник
4 Код отношения 040
801 Источник записи _0
a Страна RU
b Организация Муниципальное бюджетное учреждение культуры "Централизованная библиотечная система" г. Сургут (Центральная городская библиотека им. А. С. Пушкина)
g Правила каталогизации КиК/Ковалева
801 Источник записи _1
a Страна RU
b Организация Муниципальное бюджетное учреждение культуры "Централизованная библиотечная система" г. Сургут (Центральная городская библиотека им. А. С. Пушкина)
g Правила каталогизации КиК/Ковалева
852 Данные о местонахождении __
j Шифр хранения 84(2Рос=Рус)6-4
i Авторский знак К 37
p Инвентарный номер 135800(с); 135796(с)
901 Тип документа __
t Тип документа m
990 Данные о заказе (DOS) __
j Количество экземпляров (DOS) 2
t N записи в КСУ для И/У (DOS) ретро